000 00508nam a2200193Ia 4500
003 GCL
008 140319s9999 xx 000 0 eng d
040 _aGCL /
_cGCL
082 0 4 _a940
_bV I
100 1 _aVINCENT, CATHERINE
245 1 0 _aINTRODUCTION A L'HISTOIRE DE L'OCCIDENT MEDIEVAL /
_cVINCENT, CATHERINE
260 _a[S.N] :
_bLE LIVRE DE POCHE ،
_c1995
300 _a223 P
650 0 4 _aEUROPE
650 0 4 _aEUROPE - HISTORY
650 0 4 _aHISTORY
650 0 4 _aMIDDLE AGES
942 _2ddc
_cBK
999 _c24701
_d24701